| 000 | 00405nam a2200157Ia 4500 | ||
|---|---|---|---|
| 005 | 20250804150853.0 | ||
| 008 | 230411s9999 xx 000 0 und d | ||
| 020 | _a978-93-85999-963 | ||
| 041 | _aeng | ||
| 082 | _aCH/610.7365/SRE/B02591 | ||
| 100 | _aSuryakantha AH | ||
| 245 | _aCommunity medicine with recent advance | ||
| 260 |
_bJaypee Brothers _aNew Delhi _c2017 |
||
| 300 | _a491 | ||
| 942 | _cBK | ||
| 999 |
_c153764 _d153764 |
||